Statistics II for dummies. (E-BOOK) (Record no. 213237)

000 -LEADER
fixed length control field 00785 a2200193 4500
003 - CONTROL NUMBER IDENTIFIER
control field Nust
005 - DATE AND TIME OF LATEST TRANSACTION
control field 20170207165830.0
020 ## - INTERNATIONAL STANDARD BOOK NUMBER
International Standard Book Number 0470466464
020 ## - INTERNATIONAL STANDARD BOOK NUMBER
International Standard Book Number 9780470466469
040 ## - CATALOGING SOURCE
Transcribing agency Nust
100 1# - MAIN ENTRY--PERSONAL NAME
Personal name Rumsey, Deborah J.
245 10 - TITLE STATEMENT
Title Statistics II for dummies. (E-BOOK)
Remainder of title Deborah J. Rumsey,
260 ## - PUBLICATION, DISTRIBUTION, ETC.
Place of publication, distribution, etc. Hoboken, NJ ;
Name of publisher, distributor, etc. Wiley Publishing, Inc. ,
Date of publication, distribution, etc. 2009.
300 ## - PHYSICAL DESCRIPTION
Extent 392 p. ;
Other physical details ill. ;
Dimensions 24 cm.
505 ## - FORMATTED CONTENTS NOTE
Formatted contents note Tackling data analysis and model-building basics -- Using different types of regression to make predictions -- Analyzing variance with ANOVA -- Building strong connections with chi-square tests -- Nonparametric statistics: rebels without a distribution -- The part of tens -- Appendix: Reference tables.
650 #0 - SUBJECT ADDED ENTRY--TOPICAL TERM
Topical term or geographic name entry element Statistics
650 #0 - SUBJECT ADDED ENTRY--TOPICAL TERM
Topical term or geographic name entry element Statistics.
651 ## - SUBJECT ADDED ENTRY--GEOGRAPHIC NAME
Geographic name E-BOOK
942 ## - ADDED ENTRY ELEMENTS (KOHA)
Source of classification or shelving scheme
Koha item type Book
Holdings
Withdrawn status Lost status Source of classification or shelving scheme Damaged status Not for loan Collection code Permanent Location Current Location Date acquired Total Checkouts Full call number Barcode Date last seen Price effective from Koha item type
            Military College of Signals (MCS) Military College of Signals (MCS) 12/12/2016   519.5 RUM MCSEB-3234 12/08/2016 12/12/2016 Book
© 2023 Central Library, National University of Sciences and Technology. All Rights Reserved.